000
00301nam a22001337a 4500
008
171009b xxu||||| |||| 00| 0 eng d
020
_a
9780898624656
041
_a
eng
080
_a
159.9
100
_a
49
101
_a
PSI
245
_a
WOMEN'S GROWTH IN CONNECTION
_c
JORDAN, J.V
942
_2
udc
_c
BK
999
_c
32692
_d
32692